000 00298nam a22001337a 4500
003 SGT
082 _a615.4
_bMIS
100 _aMISHRA ANKIT KUMAR
245 _aSOCIAL AND PREVENTIVE PHARMACY
260 _aINDIA
_bIP PUB
_c2024
300 _a164
650 _aSOCIAL PHARMACY
942 _2ddc
_cBK
999 _c34229
_d34229